Loading...

Water use efficiency in agriculture

Bibliographic Details
Main Author: Giriappa, S
Format: Printed Book
Language:Undetermined
English
Published: New Delhi Oxford I B H publishing company 1983
Subjects:
LEADER 00595nam a2200181Ia 4500
008 140306s9999 xx 000 0 und d
041 |a eng 
082 |a 631 .7  |b GIR/WA 
100 |a Giriappa, S 
245 |a Water use efficiency in agriculture 
260 |a New Delhi  |b Oxford I B H publishing company  |c 1983 
300 |a 97 
365 |b Rs .35 
650 |a irrigation 
650 |a Water conservation 
942 |2 ddc  |c BK 
999 |c 105769  |d 105769 
952 |0 0  |1 0  |2 ddc  |4 0  |6 631__700000000000000_GIRWA  |7 0  |9 102621  |a KAUHCV  |b KAUHCV  |d 2004-03-16  |g 35.00  |o 631 .7 GIR/WA  |p KAU_HCV-23153  |r 2014-03-22  |w 2014-03-22  |y BK